MARC details
| 000 -LEADER |
| campo de control de longitud fija |
01823nas a2200457 i 4500 |
| 001 - NÚMERO DE CONTROL |
| campo de control |
193764 |
| 003 - IDENTIFICADOR DE NÚMERO DE CONTROL |
| campo de control |
SpMaBN |
| 005 - FECHA Y HORA DE LA ÚLTIMA TRANSACCIÓN |
| campo de control |
20260318122514.0 |
| 008 - DATOS DE LONGITUD FIJA--INFORMACIÓN GENERAL |
| campo de control de longitud fija |
240212d19371937sp uu r 0uuub0mul |
| 016 7# - NÚMERO DE CONTROL DE UNA AGENCIA BIBLIOGRÁFICA NACIONAL |
| Número de control del registro |
biseBNE20030001270 |
| Fuente |
SpMaBN |
| 017 ## - NÚMERO DE COPYRIGHT O DE DEPÓSITO LEGAL |
| Número de copyright o de depósito legal |
B 41335-1977 |
| Agencia que asigna |
Oficina Depósito Legal Barcelona |
| 022 ## - NÚMERO INTERNACIONAL NORMALIZADO PARA PUBLICACIONES SERIADAS |
| Número Internacional Normalizado para Publicaciones Seriadas |
2340-0064 |
| 035 ## - NÚMERO DE CONTROL DEL SISTEMA |
| Número de control de sistema |
(OCoLC)733258843 |
| 035 ## - NÚMERO DE CONTROL DEL SISTEMA |
| Número de control de sistema |
bise0000176342 |
| 040 ## - FUENTE DE CATALOGACIÓN |
| Centro catalogador/agencia de origen |
SpMaBN |
| Lengua de catalogación |
spa |
| Centro/agencia transcriptor |
SpMaBN |
| Normas de descripción |
rdc |
| 080 ## - NÚMERO DE LA CLASIFICACIÓN DECIMAL UNIVERSAL |
| Número de la Clasificación Decimal Universal |
94(460)"1936/39"(084.12) |
| 245 00 - MENCIÓN DEL TÍTULO |
| Título |
Visions de guerra i de reraguarda. |
| Número de parte o sección de la obra |
Sèrie A, |
| Nombre de parte o sección de la obra |
Retrospectiva = |
| Resto del título |
Visiones de guerra y de retaguardia |
| 246 1# - FORMA VARIANTE DEL TITULO |
| Título propio/Titulo breve |
Visiones de guerra y de retaguardia |
| 250 ## - MENCION DE EDICION |
| Mención de edición |
[Ed. facs. / |
| Resto de la mención de edición |
pròleg de Josep Fontana] |
| 260 ## - PUBLICACIÓN, DISTRIBUCIÓN, ETC. |
| Lugar de publicación, distribución, etc. |
Barcelona : |
| Nombre del editor, distribuidor, etc. |
José J. de Olañeta, |
| Fecha de publicación, distribución, etc. |
1977 |
| 300 ## - DESCRIPCIÓN FÍSICA |
| Extensión |
1 volumen ; |
| Otras características físicas |
fotografías : |
| Dimensiones |
20 x 26 cm |
| 336 ## - TIPO DE CONTENIDO |
| Fuente |
rdacontent |
| Término de tipo de contenido |
texto |
| 337 ## - TIPO DE MEDIO |
| Fuente |
rdamedia |
| Nombre/término del tipo de medio |
sin mediación |
| 338 ## - TIPO DE SOPORTE |
| Fuente |
rdacarrier |
| Nombre/término del tipo de soporte |
volumen |
| 362 0# - FECHAS DE PUBLICACIÓN Y/O DESIGNACIÓN SECUENCIAL |
| Fecha de publicación y/o designación secuencial |
N. 1 (24 abril 1937)-n. 8 (9 oct. 1937) |
| 490 1# - MENCIÓN DE SERIE |
| Mención de serie |
Col.lecció Visions = Colección Visions |
| 530 ## - NOTA DISPONIBLE DE FORMULARIO FÍSICO ADICIONAL |
| Materiales especificados |
Disponible en formato digital |
| 541 ## - NOTA DE FUENTE DE ADQUISICIÓN DIRECTA |
| Forma de adquisición |
Donación |
| Fuente de adquisición |
Persona física |
| Fecha de adquisición |
2024-02-12 |
| 546 ## - NOTA DE IDIOMA |
| Nota de lengua/lenguaje |
Texto en catalán y español |
| 580 ## - NOTA DE RELACIÓN COMPLEJA |
| Nota de relación compleja |
Reproducción facsímil de la publicación irregular: Barcelona : Forja, 1937 |
| 651 #7 - PUNTO DE ACCESO ADICIONAL DE MATERIA--NOMBRE GEOGRÁFICO |
| Nombre geográfico |
España- |
| Subdivisión general |
Historia- |
| Subdivisión cronológica |
1936-1939, Guerra civil- |
| Subdivisión de forma |
Obras ilustradas |
| 9 (RLIN) |
161796 |
| 655 #4 - TERMINO DE INDIZACIÓN--GENERO/FORMA |
| Datos o término principal de género/forma |
Facsímiles |
| Fuente del término |
tgfbne |
| 9 (RLIN) |
226495 |
| 700 1# - ENTRADA AGREGADA--NOMBRE PERSONAL |
| Nombre de persona |
Fontana, Josep, |
| Fechas asociadas al nombre |
1931-2018 |
| Término indicativo de función/relación |
Autor de introducción |
| 9 (RLIN) |
51600 |
| 830 #0 - PUNTO DE ACCESO ADICIONAL DE SERIE-TÍTULO UNIFORME |
| Título uniforme |
Colección Visions |
| 9 (RLIN) |
235148 |
| 852 ## - LOCALIZACIÓN |
| Ubicación |
ES-MaACL |
| Ubicación en estantería |
Depósito 1 |
| Donativo/Legado
|
Legado: Basilio Martín Patino |
| Número de control de estantería |
A-151131 |
| 856 4# - LOCALIZACIÓN Y ACCESO ELECTRÓNICOS |
| Identificador Uniforme de Recursos |
<a href="https://hemerotecadigital.bne.es/hd/issn/2340-0064">https://hemerotecadigital.bne.es/hd/issn/2340-0064</a> |
| Texto de enlace |
Versión en línea: Edición 1937 |
| Nota pública |
(Hemeroteca Digital) |
| 942 ## - ELEMENTOS DE ENTRADA SECUNDARIOS (KOHA) |
| Fuente del sistema de clasificación o colocación |
Clasificación decimal universal |
| Tipo de ítem Koha |
Revista |
| Suprimir en OPAC |
No |
| 955 ## - CATALOGADOR - EDICIÓN |
| Nombre de catalogador |
Verónica Torres Díaz |